Couples dans Harry Potter - Statistiques

Statistiques générales
  • Ce quiz a été pris 418 fois
  • Le résultat moyen est 11 sur 18
Statistiques - réponses
Qui veut la main de : Indice : Réponse : % Correct
Harry Potter Première petite amie Cho Chang
97%
Harry Potter Petite amie, épouse et mère de ses enfants Ginny Weasley
95%
Ron Weasley Petite amie, épouse et mère de ses enfants Hermione Granger
94%
Ginny Weasley Amour d'enfance, petit ami, époux et père de ses enfants Harry Potter
89%
Hermione Granger Petit ami, époux et père de ses enfants Ron Weasley
89%
Cho Chang Deuxième petit ami Harry Potter
86%
Cho Chang Premier petit ami Cedric Diggory
82%
Ron Weasley Première petite amie Lavande Brown
82%
Hermione Granger Premier flirt et baiser Viktor Krum
81%
Drago Malefoy Couple fictif populaire (deux réponses autorisées) Hermione | Harry
70%
Ginny Weasley Deuxième petit ami Dean Thomas
63%
Drago Malefoy Jeune fille qui semble vouloir gagner ses faveurs Pansy Parkinson
56%
Hermione Granger Flirte avec lui simplement pour rendre le suivant jaloux Cormac McLaggen
47%
Drago Malefoy Épouse et mère de son enfant Astoria Greengrass
37%
Harry Potter Dragueuse reloue Romilda Vane
37%
Ron Weasley Épouse alternative selon une suite soi-disant officielle qui n'est en fait qu'une fanfiction et n'a jamais existé Padma Patil
19%
Ginny Weasley Premier petit ami Michael Corner
15%
Cho Chang Troisième petit ami Michael Corner
9%
Aucun quiz correspondant
Distribution des résultats
% des personnes avec chaque résultat
Percentile par nombre de réponses
Votre historique - résultats
Vous n’avez pas pris ce quiz